| 000 | 00388 a2200145 4500 | ||
|---|---|---|---|
| 001 | 170546 | ||
| 020 | _a | ||
| 040 | _cMagnum | ||
| 100 | _aAgencia Regional de Noticias | ||
| 240 | 1 | 0 |
_aClipping em educacao - 05/11/01 a 11/11/01 - ano iii - nº 111 _lpor |
| 245 | 1 | 0 | _aClipping em educacao - 05/11/01 a 11/11/01 - ano iii - nº 111 |
| 362 | 0 | _a1899 | |
| 697 | _aENSINO | ||
| 942 | _cBK | ||
| 999 |
_c170546 _d170546 |
||